Miasta w Polsce z największą ilością turystów - Statystyki

Ogólne statystyki
  • Ten quiz został rozwiązany 99 razy
  • Średni wynik to 9 z 10
Statystyki odpowiedzi
nr miasto % Poprawnych
1 Kraków
100%
3 Gdańsk
99%
2 Warszawa
98%
4 Wrocław
95%
5 Poznań
91%
10 Łódź
81%
6 Zakopane
80%
9 Toruń
78%
7 Lublin
73%
8 Bydgoszcz
72%
Nie znaleziono quizów pasujących do podanych kryteriów
Rozkład punktacji
Procent ludzi z każdym wynikiem
Percentyl według liczby udzielonych odpowiedzi
Twoja historia wyników
Nie rozwiązałeś tego quizu